Reports on progress in physics (Record no. 3381)

MARC details
000 -LEADER
fixed length control field 00539nam a2200169Ia 4500
003 - CONTROL NUMBER IDENTIFIER
control field IN-BaIIA
008 - FIXED-LENGTH DATA ELEMENTS--GENERAL INFORMATION
fixed length control field 211028s9999 xx 000 0 eng d
040 ## - CATALOGING SOURCE
Transcribing agency IIA Library
080 ## - UNIVERSAL DECIMAL CLASSIFICATION NUMBER
Universal Decimal Classification number 53(047)PHY
100 ## - MAIN ENTRY--PERSONAL NAME
Personal name Stickland, A.C.
245 #0 - TITLE STATEMENT
Title Reports on progress in physics
Remainder of title vol. XXX, pt. II
Statement of responsibility, etc. A. C. Stickland
260 ## - PUBLICATION, DISTRIBUTION, ETC.
Place of publication, distribution, etc. London
Name of publisher, distributor, etc. The Institute of Physics and the Physical Society
Date of publication, distribution, etc. 1967
300 ## - PHYSICAL DESCRIPTION
Extent 374-831p.
650 ## - SUBJECT ADDED ENTRY--TOPICAL TERM
Topical term or geographic name entry element Physics
9 (RLIN) 73
650 ## - SUBJECT ADDED ENTRY--TOPICAL TERM
Topical term or geographic name entry element Progress
942 ## - ADDED ENTRY ELEMENTS (KOHA)
Koha item type Books
Holdings
Withdrawn status Lost status Source of classification or shelving scheme Damaged status Not for loan Home library Current library Shelving location Date acquired Cost, normal purchase price Total Checkouts Full call number Barcode Date last seen Cost, replacement price Price effective from Koha item type Purchase Price
    Dewey Decimal Classification     IIA Library-Bangalore IIA Library-Bangalore General Stacks 03/02/1970 227.70   53(047)/ PHY 3757 05/11/2021 227.70 03/02/1970 Books Rs. 227.70

Powered by Koha